Bird inventory in royal university of agriculture (ការធ្វើសារពើភណ្ឌសត្វស្លាបនៅក្នុងសាកលវិទ្យាល័យភូមិន្ទកសិកម្ម) (Record no. 3441)
[ view plain ]
| 000 -LEADER | |
|---|---|
| fixed length control field | 00592nam a22001577a 4500 |
| 003 - CONTROL NUMBER IDENTIFIER | |
| control field | OSt |
| 005 - DATE AND TIME OF LATEST TRANSACTION | |
| control field | 20151116085305.0 |
| 008 - FIXED-LENGTH DATA ELEMENTS--GENERAL INFORMATION | |
| fixed length control field | 151116b xxu||||| |||| 00| 0 eng d |
| 040 ## - CATALOGING SOURCE | |
| Transcribing agency | RUA |
| 082 ## - DEWEY DECIMAL CLASSIFICATION NUMBER | |
| Classification number | FOR CHA 2009 B137 Or.1 |
| 100 ## - MAIN ENTRY--PERSONAL NAME | |
| 9 (RLIN) | 3693 |
| Personal name | CHAKK, DOEUN. |
| 245 ## - TITLE STATEMENT | |
| Title | Bird inventory in royal university of agriculture (ការធ្វើសារពើភណ្ឌសត្វស្លាបនៅក្នុងសាកលវិទ្យាល័យភូមិន្ទកសិកម្ម) |
| 260 ## - PUBLICATION, DISTRIBUTION, ETC. (IMPRINT) | |
| Place of publication, distribution, etc. | Phnom Penh |
| Name of publisher, distributor, etc. | RUA |
| Date of publication, distribution, etc. | 2009 |
| 300 ## - PHYSICAL DESCRIPTION | |
| Extent | x, 54p. |
| Other physical details | ill. |
| Dimensions | 29cm. |
| 942 ## - ADDED ENTRY ELEMENTS (KOHA) | |
| Source of classification or shelving scheme | |
| Koha item type | FOR |
| Price effective from | Date last seen | Permanent Location | Not for loan | Date acquired | Source of classification or shelving scheme | Koha item type | Lost status | Withdrawn status | Date last checked out | Total Checkouts | Shelving location | Damaged status | Barcode | Current Location | Full call number |
|---|---|---|---|---|---|---|---|---|---|---|---|---|---|---|---|
| 2015-11-16 | 2022-02-09 | Library Block B | 2015-11-16 | FOR | 2022-01-12 | 2 | B137 | RUA026194 | Library Block B | FOR CHA 2009 B137 Or.1 | |||||
| 2015-11-16 | 2023-03-13 | Library Block B | 2015-11-16 | FOR | 2023-02-14 | 1 | B137 | RUA026191 | Library Block B | FOR CHA 2009 B137 Or.2 | |||||
| 2015-11-16 | 2015-11-16 | Library Block B | 2015-11-16 | FOR | B137 | RUA026486 | Library Block B | FOR CHA 2009 B137 Or.3 | |||||||
| 2015-11-16 | 2015-11-16 | Library Block B | 2015-11-16 | FOR | B137 | RUA026414 | Library Block B | FOR CHA 2009 B137 Or.4 | |||||||
| 2015-11-16 | 2015-11-16 | Library Block B | 2015-11-16 | FOR | B137 | RUA026342 | Library Block B | FOR CHA 2009 B137 Or.5 | |||||||
| 2015-11-16 | 2022-08-19 | Library Block B | 2015-11-16 | FOR | 2022-08-05 | 2 | B137 | RUA026270 | Library Block B | FOR CHA 2009 B137 Or.6 | |||||
| 2015-11-16 | 2023-07-19 | Library Block B | 2015-11-16 | FOR | 2023-06-14 | 1 | B137 | RUA026198 | Library Block B | FOR CHA 2009 B137 Or.7 | |||||
| 2015-11-16 | 2015-11-16 | Library Block B | 2015-11-16 | FOR | B137 | RUA026054 | Library Block B | FOR CHA 2009 B137 Or.8 | |||||||
| 2015-11-16 | 2015-11-16 | Library Block B | 2015-11-16 | FOR | B137 | RUA026126 | Library Block B | FOR CHA 2009 B137 Or.9 | |||||||
| 2015-11-16 | 2015-11-16 | Library Block B | 2015-11-16 | FOR | B137 | RUA026480 | Library Block B | FOR CHA 2009 B137 Or.10 |